PRACTICAL DRUG SAFETY -FROM A TO Z (Record no. 8249)

MARC details
000 -LEADER
fixed length control field 00480nam a22001817a 4500
005 - DATE AND TIME OF LATEST TRANSACTION
control field 20230403142525.0
008 - FIXED-LENGTH DATA ELEMENTS--GENERAL INFORMATION
fixed length control field 230329b |||||||| |||| 00| 0 eng d
020 ## - INTERNATIONAL STANDARD BOOK NUMBER
ISBN 978-9384323-34-9
041 ## - LANGUAGE CODE
Language code of text/sound track or separate title eng
082 ## - DEWEY DECIMAL CLASSIFICATION NUMBER
Classification number 615.7 COB-P
100 ## - MAIN ENTRY--AUTHOR NAME
Personal name COBERT,BARTON AND BIRON ,DIERRE
245 ## - TITLE STATEMENT
Title PRACTICAL DRUG SAFETY -FROM A TO Z
250 ## - EDITION STATEMENT
Edition statement 1st ed.
260 ## - PUBLICATION, DISTRIBUTION, ETC. (IMPRINT)
Name of publisher JONES & BARTLETT INDIA PVT LTD.
300 ## - PHYSICAL DESCRIPTION
Number of Pages 402;P.
650 ## - SUBJECT ADDED ENTRY--TOPICAL TERM
Topical Term PHARMACY
General subdivision B. PHARMA
942 ## - ADDED ENTRY ELEMENTS (KOHA)
Koha item type Books
Holdings
Lost status Damaged status Collection code Home library Current library Shelving location Date acquired Source of acquisition Cost, normal purchase price Full call number Accession Number Koha item type
    Reference JRU Library JRU Library SHELF-3-B 23/03/2023 LOHIA BOOK INTERNATIONAL 995.00 615.7 COB-P 27591 Books
    PHARMACY JRU Library JRU Library SHELF-17-C 23/03/2023 LOHIA BOOK INTERNATIONAL 995.00 615.7 COB-P 27592 Books
    PHARMACY JRU Library JRU Library SHELF-19-C 23/03/2023 LOHIA BOOK INTERNATIONAL 995.00 615.7 COB-P 27593 Books
    PHARMACY JRU Library JRU Library SHELF-19-C 23/03/2023 LOHIA BOOK INTERNATIONAL 995.00 615.7 COB-P 27594 Books
    PHARMACY JRU Library JRU Library SHELF-19-C 23/03/2023 LOHIA BOOK INTERNATIONAL 995.00 615.7 COB-P 27595 Books